| 000 | 00494nam a2200169 i 4500 | ||
|---|---|---|---|
| 001 | 31169 | ||
| 003 | ES-MaACL | ||
| 007 | t| | ||
| 008 | 030128s1985 sp ||||1| spa d | ||
| 020 | _a84-234-0599-0 | ||
| 100 | 1 |
_aBear, John. _926780 |
|
| 245 | 1 | 0 |
_aCómo elegir y comprar un ordenador / _cJohn Bear ; traducción Victor Furundarena. |
| 260 |
_aBilbao : _bDeusto, _c[1985] |
||
| 300 |
_a276 p. ; _c23 cm. |
||
| 700 | 1 |
_aFurundarena, Víctor. _953063 |
|
| 852 |
_aES-MaACL _jL-8942 _bR.110619 |
||
| 999 |
_c31169 _d31169 |
||